Nicene Creed - Statistics

General Stats
  • This quiz has been taken 14 times
  • The average score is 14 of 32
Answer Stats
% Correct
100%
100%
100%
100%
67%
67%
33%
33%
33%
33%
33%
33%
33%
33%
33%
33%
33%
33%
33%
33%
33%
33%
33%
33%
33%
33%
33%
33%
33%
33%
33%
33%
No matching quizzes found
Score Distribution
Percent of People with Each Score
Percentile by Number Answered
Your Score History
You have not taken this quiz